000 00600nam a2200217Ia 4500
005 20260429112003.0
008 260429s9999||||xx |||||||||||||| ||und||
020 _a9781787151406
041 _aEnglish
082 _a547.7
_bPOT
100 _aPotter, Grace
245 0 _aBio based polymers :
_bproperties and applications /
_cGrace Potter
260 _aUnited Kingdom :
_bKruger Brentt Publishers,
_c2024.
300 _axii, 254 p.; hb
650 _a Macromolecules
650 _a Organic chemistry
650 _a Polymers
650 _aChemistry
700 _a Hunt, Sharon
942 _cTB
999 _c51761
_d51761